000 00562nam a2200217Ia 4500
003 0100
005 20160914085131.0
008 130303s9999 xx 000 0 und d
020 _a0195056396
040 _cARRUPELIB
050 _aHT871.D3 1966
100 _aDavis, David Brion
_925788
245 4 _aThe problem of slavery in western culture
260 _aNew York
260 _bOxford University Press
300 _axiv
300 _b 505p. 20cm.
650 _bSlavery
_924047
650 _bSlavery and the church
_915179
942 _2lcc
_cMONOGRAPH
999 _c58266
_d58266